An introduction to group work practice / (Record no. 3821)

MARC details
000 -LEADER
fixed length control field 01314pam a2200181 a 4500
020 ## - INTERNATIONAL STANDARD BOOK NUMBER
ISBN 0024211303
050 00 - CALL NUMBER
Classification number HV45
Item number .T63
100 1# - AUTHOR
Personal name Toseland, Ronald W.
245 13 - TITLE
Title An introduction to group work practice /
Statement of responsibility, etc Ronald W. Toseland, Robert F. Rivas.
260 ## - PUBLICATION INFORMATION
Place of publication New York :
Name of publisher Macmillan ;
Place of publication London :
Name of publisher Collier Macmillan,
Year of publication c1984.
300 ## - DESCRIPTION
Number of Pages xiii, 385 p. :
Other physical details ill. ;
Dimensions 25 cm.
500 ## - NOTES
General note Includes indexes.
505 ## - FORMATTED CONTENTS NOTE
Table of Content : 1. Introduction --<br/>2. Historical Developments --<br/>3. Understanding Group Dynamics --<br/>4. Leadership --<br/>5. Leadership and Diversity --<br/>6. Planning the Group --<br/>7. The Group Begins --<br/>8. Assessment --<br/>9. Treatment Groups: Foundation Methods --<br/>10. Treatment Groups: Specialized Methods --<br/>11. Task Groups: Foundation Methods --<br/>12. Task Groups: Specialized Methods --<br/>13. Evaluation --<br/>14. Ending the Group's Work --<br/>15. Case Examples --<br/>App. A1. Guidelines for Ethics --<br/>App. A2. Ethical Guidelines for Group Counselors --<br/>App. B. Films and Videotapes --<br/>App. C. Group Announcements --<br/>App. D. Bibliography --<br/>Tell-A-Group --<br/>App. E. Outline for a Group Proposal --<br/>App. F. An Example of a Treatment Group Proposal --<br/>App. G. An Example of a Task Group Proposal.
650 #0 - SUBJECTS
Topical Term Social group work.
650 #0 - SUBJECTS
Topical Term Leadership.
700 1# - OTHER AUTHORS
Personal name Rivas, Robert F.
942 ## - ADDED ENTRY ELEMENTS (KOHA)
Koha item type Books

No items available.

Copyright © 2026  MUG Library